00540nam a2200193 a 4500001001300000003000900013005001700022008004100039020001100080082001600091100001700107245004600124260004500170300000900215500003500224505003000259650004000289700001700329nice12345678IN_TiNIC20260116012203.0050524s1961 lona grp 000 0 eng  ac37.500a297.55bAHM aAhmed, Kamal aSacred Journey-Being Pilgrimage to Makkah aLondonbGeorge Allen and Unwin Ltdc1961 a108p aincludes index and biblioraphy2 aIndex, Glossary, Biblio., aMuslim Pilgrims and Pilgrimages-Sau1 aAhmed, Kamal